Digital Signal Processing Telecommunications and Multi Media Technology (Record no. 8153)
[ view plain ]
| 000 -LEADER | |
|---|---|
| fixed length control field | 00519 a2200157 4500 |
| 020 ## - INTERNATIONAL STANDARD BOOK NUMBER | |
| International Standard Book Number | 8121923255 |
| 040 ## - CATALOGING SOURCE | |
| Original cataloging agency | DLC |
| Language of cataloging | DLC |
| 082 ## - DEWEY DECIMAL CLASSIFICATION NUMBER | |
| Classification number | 621.3819582 |
| 100 ## - MAIN ENTRY--PERSONAL NAME | |
| Personal name | Khanna, V. K. |
| 245 ## - TITLE STATEMENT | |
| Title | Digital Signal Processing Telecommunications and Multi Media Technology |
| Statement of responsibility, etc. | V. K.Khanna |
| 260 ## - PUBLICATION, DISTRIBUTION, ETC. | |
| Place of publication, distribution, etc. | New Delhi : |
| Name of publisher, distributor, etc. | Chand (S.) & Co Ltd. |
| Date of publication, distribution, etc. | , 2003. |
| 300 ## - PHYSICAL DESCRIPTION | |
| Extent | xv, 640 p. |
| Other physical details | : ill. |
| Dimensions | ; 24 cm. |
| 500 ## - GENERAL NOTE | |
| General note | Includes Index |
| 650 ## - SUBJECT ADDED ENTRY--TOPICAL TERM | |
| Topical term or geographic name entry element | 1.Signal theory(Telecommunication).2.Digital Electronics. |
| 942 ## - ADDED ENTRY ELEMENTS (KOHA) | |
| Koha item type | Book |
| Call number prefix | 621.3819582 KHA |
| Source of classification or shelving scheme | |
| Withdrawn status | Lost status | Damaged status | Not for loan | Collection code | Permanent Location | Current Location | Shelving location | Date acquired | Source of acquisition | Cost, normal purchase price | Total Checkouts | Full call number | Barcode | Date last seen | Price effective from | Koha item type |
|---|---|---|---|---|---|---|---|---|---|---|---|---|---|---|---|---|
| Central Library (CL) | Central Library (CL) | General Stacks | 10/08/2005 | Allied Book Company | 340.20 | 621.3819582 KHA | SEECS006526 | 11/14/2012 | 01/05/2017 | Book |
